|
|
|
|
| LEADER |
01812nam a2200457 a 4500 |
| 001 |
EBC731088 |
| 003 |
MiAaPQ |
| 005 |
20200520144314.0 |
| 006 |
m o d | |
| 007 |
cr cn||||||||| |
| 008 |
110216s2010 njua sb 011 0 eng d |
| 010 |
|
|
|z 2011280433
|
| 020 |
|
|
|z 9789814299398 (hbk.)
|
| 020 |
|
|
|z 9814299391 (hbk.)
|
| 020 |
|
|
|a 9789814299404 (electronic bk.)
|
| 035 |
|
|
|a (MiAaPQ)EBC731088
|
| 035 |
|
|
|a (Au-PeEL)EBL731088
|
| 035 |
|
|
|a (CaPaEBR)ebr10480092
|
| 035 |
|
|
|a (CaONFJC)MIL314436
|
| 035 |
|
|
|a (OCoLC)738434153
|
| 040 |
|
|
|a MiAaPQ
|c MiAaPQ
|d MiAaPQ
|
| 050 |
|
4 |
|a HF1379
|b .L54 2010
|
| 082 |
0 |
4 |
|a 382
|2 22
|
| 245 |
0 |
0 |
|a Light the lamp
|h [electronic resource] :
|b papers on world trade and investment in memory of Bijit Bora /
|c edited by Christopher Findlay, Mari Pangestu, David Parsons.
|
| 260 |
|
|
|a Hackensack, N.J. :
|b World Scientific,
|c c2010.
|
| 300 |
|
|
|a xxviii, 385 p. :
|b ill.
|
| 490 |
1 |
|
|a World Scientific studies in international economics,
|x 1793-3641 ;
|v v. 13
|
| 504 |
|
|
|a Includes bibliographical references and index.
|
| 504 |
|
|
|a "Selected publications of Bijit K. Bora": p. xix-xxi.
|
| 533 |
|
|
|a Electronic reproduction. Ann Arbor, MI : ProQuest, 2015. Available via World Wide Web. Access may be limited to ProQuest affiliated libraries.
|
| 610 |
2 |
0 |
|a World Trade Organization.
|
| 650 |
|
0 |
|a International trade.
|
| 650 |
|
0 |
|a Investments, Foreign.
|
| 655 |
|
4 |
|a Electronic books.
|
| 700 |
1 |
|
|a Bora, Bijit.
|
| 700 |
1 |
|
|a Findlay, Christopher C.
|q (Christopher Charles)
|
| 700 |
1 |
|
|a Pangestu, Mari.
|
| 700 |
1 |
|
|a Parsons, David.
|
| 710 |
2 |
|
|a ProQuest (Firm)
|
| 830 |
|
0 |
|a World Scientific studies in international economics ;
|v v. 13.
|
| 856 |
4 |
0 |
|u https://ebookcentral.proquest.com/lib/matrademy/detail.action?docID=731088
|z Click to View
|